|
|
|
|
| LEADER |
01234nam a2200385 4500 |
| 001 |
DLU110129308 |
| 005 |
##20111221 |
| 008 |
##050708s2004 enka b 101 0 eng d |
| 010 |
# |
# |
|a 2005279209
|
| 015 |
# |
# |
|a GBA532675
|2 bnb
|
| 016 |
# |
# |
|a 013176457
|2 Uk
|
| 020 |
# |
# |
|a 1860944957
|
| 035 |
# |
# |
|a (OCoLC)ocm58872233
|
| 040 |
# |
# |
|a CGU
|c CGU
|d UKM
|d INU
|d DLC
|
| 042 |
# |
# |
|a lccopycat
|
| 082 |
# |
# |
|a 539.757
|b Lat
|
| 111 |
# |
# |
|a ISACC 2003
|d (2003 :
|c Saint Petersburg, Russia)
|
| 245 |
# |
# |
|a Latest advances in atomic cluster collisions :
|b fission, fusion, electron, ion and photon impact /
|c edited by Jean-Patrick Connerade, Andrey V. Solov'yov.
|
| 260 |
# |
# |
|a London :
|b Imperial College Press ;
|a Singapore ;
|a Hackensack, NJ :
|b Distributed by World Scientific,
|c c2004.
|
| 300 |
# |
# |
|a xiv, 382 p. :
|b ill. ;
|c 24 cm.
|
| 504 |
# |
# |
|a Includes bibliographical references and index.
|
| 650 |
# |
# |
|a Microclusters
|v Congresses.
|
| 700 |
# |
# |
|a Connerade, J. P.
|
| 700 |
# |
# |
|a Solov'yov, Andrey V.
|
| 923 |
# |
# |
|a 22/2011
|
| 991 |
# |
# |
|a GT
|
| 992 |
# |
# |
|a 15900
|
| 994 |
# |
# |
|a DLU
|
| 900 |
# |
# |
|a True
|
| 911 |
# |
# |
|a Đào Thị Thu Huyền
|
| 925 |
# |
# |
|a G
|
| 926 |
# |
# |
|a A
|
| 927 |
# |
# |
|a SH
|
| 980 |
# |
# |
|a Thư viện Trường Đại học Đà Lạt
|